000 00229nam a2200097Ia 4500
008 240331s9999 xx 000 0 und d
082 _bHSU
100 _aHsueh-Chin, T
245 2 _aA Dream of Red Mansions :
_bVolume III
942 _cL
999 _c3358
_d3358